000 00712nam a2200217Ia 4500
003 GCL
008 140319s9999 xx 000 0 ara d
040 _aGCL /
_cGCL
082 0 4 _a912.1981761
_bع ا
100 1 _aعبدالمنعم ماجد
245 1 0 _aالاطلس التاريخى للعالم الاسلامى فى العصور الوسطى /
_cعبدالمنعم ماجد
700 1 _aعلى البنا (رسم)
260 _a[S.N] :
_bدار الفكر العربى ،
_c1986
300 _a64 ص
490 _a
650 0 4 _aالعالم الاسلامى
650 0 4 _aالعصور الوسطى
650 0 4 _aالخرائط
650 0 4 _aالاطالس التاريخية
942 _2ddc
_cBK
999 _c32312
_d32312